00650nam a2200193Ia 4500952014700000999001700147003000400164005001700168008004100185020001800226040000900244082002200253100002600275245004900301260003300350300000900383650001400392942005000406 00102ddc40708SSaMESbMEScMALd2019-02-20g140.00l5m1o894.812301 KAK/Kp40497r2025-07-10 11:31:13s2025-06-25w2019-02-20yBKzGR30R2 c30198d30198OSt20201231121237.0190216s9999||||xx |||||||||||||| ||und|| a9789352821174 coclc a894.812301bKAK/K aKakkanadan, G V96639 0aKochuveetil Raman Pathrose /cG V Kakkanadan bD C Books,c2017.aKottayam: a143p aMalayalam cBK2ddch894.812301iKAK/Kk894.812301mKAK/K